<?xml version="1.0" encoding="UTF-8"?><?xml-stylesheet type="text/xsl" href="static/style.xsl"?><OAI-PMH xmlns="http://www.openarchives.org/OAI/2.0/" xmlns:xsi="http://www.w3.org/2001/XMLSchema-instance" xsi:schemaLocation="http://www.openarchives.org/OAI/2.0/ http://www.openarchives.org/OAI/2.0/OAI-PMH.xsd"><responseDate>2026-04-27T22:00:33Z</responseDate><request verb="GetRecord" identifier="oai:uvadoc.uva.es:10324/14921" metadataPrefix="marc">https://uvadoc.uva.es/oai/request</request><GetRecord><record><header><identifier>oai:uvadoc.uva.es:10324/14921</identifier><datestamp>2021-07-06T08:48:44Z</datestamp><setSpec>com_10324_38</setSpec><setSpec>col_10324_852</setSpec></header><metadata><record xmlns="http://www.loc.gov/MARC21/slim" xmlns:doc="http://www.lyncode.com/xoai" xmlns:xsi="http://www.w3.org/2001/XMLSchema-instance" xmlns:dcterms="http://purl.org/dc/terms/" xsi:schemaLocation="http://www.loc.gov/MARC21/slim http://www.loc.gov/standards/marcxml/schema/MARC21slim.xsd">
<leader>00925njm 22002777a 4500</leader>
<datafield tag="042" ind1=" " ind2=" ">
<subfield code="a">dc</subfield>
</datafield>
<datafield tag="720" ind1=" " ind2=" ">
<subfield code="a">Toledano Flores, Óscar</subfield>
<subfield code="e">author</subfield>
</datafield>
<datafield tag="260" ind1=" " ind2=" ">
<subfield code="c">2015</subfield>
</datafield>
<datafield tag="520" ind1=" " ind2=" ">
<subfield code="a">Este trabajo parte de una diferenciación entre los procesos de adquisición y aprendizaje de una lengua, entendiendo el primero como el más aproximado al modo en que los niños desarrollan su lengua materna. En base a esta premisa y a la idea de que la verdadera finalidad de aprender una lengua es la comunicación, el trabajo repasa los planteamientos del "Natural Approach" como marco teórico para la adquisición de una lengua extranjera y del "Task-based Approach" como marco metodológico que permite la organización y diseño de una clase de acuerdo a los planteamientos del "Natural Approach". El trabajo finaliza con una propuesta didáctica dirigida al tercer curso de Educación Primaria regida por los principios previamente citados.</subfield>
</datafield>
<datafield tag="024" ind2=" " ind1="8">
<subfield code="a">http://uvadoc.uva.es/handle/10324/14921</subfield>
</datafield>
<datafield ind1=" " ind2=" " tag="653">
<subfield code="a">Lenguaje y lenguas - Estudio y enseñanza</subfield>
</datafield>
<datafield ind1=" " ind2=" " tag="653">
<subfield code="a">Lengua segunda - Adquisición</subfield>
</datafield>
<datafield tag="245" ind1="0" ind2="0">
<subfield code="a">Adquisición de la lengua extranjera inglés</subfield>
</datafield>
</record></metadata></record></GetRecord></OAI-PMH>